[Event "Ontario Closed w"]
[Site "Toronto CAN"]
[Date "2023.07.03"]
[Round "7.24"]
[White "Zhong, April"]
[Black "Ambilwade, Ojal"]
[Result "1-0"]
[WhiteElo "1800"]
[BlackElo "1672"]
[PlyCount "73"]
[EventDate "2023.06.30"]
[EventType "swiss"]
[EventRounds "7"]
[EventCountry "CAN"]

1. e4 c6 2. d4 d5 3. Nc3 dxe4 4. Nxe4 Nf6 5. Nxf6+ exf6 6. c3 Nd7 7. Bd3 Bd6 8.
Ne2 Qc7 9. Be3 b6 10. Qd2 Bb7 11. O-O-O O-O 12. Qc2 g6 13. h4 c5 14. h5 f5 15.
hxg6 fxg6 16. Bc4+ Kh8 17. f3 Nf6 18. Bh6 Rfd8 19. Bg5 Rf8 20. Qd2 cxd4 21.
Qxd4 Be5 22. Qh4 Nh5 23. Bb5 Rf7 24. Rd2 a6 25. Bc4 Rff8 26. Rhd1 Bc6 27. Bd8
Qb7 28. Qf2 b5 29. Qc5 Bg7 30. Be6 Be8 31. Bd5 Qc8 32. Be7 Qxc5 33. Bxc5 Bh6
34. Bxa8 Bxd2+ 35. Rxd2 Rf7 36. Rd8 Ng7 37. Bc6 1-0

[Event "Ontario Closed w"]
[Site "Toronto CAN"]
[Date "2023.07.03"]
[Round "7.25"]
[White "Jiang, Hancy"]
[Black "Xie, Irene"]
[Result "0-1"]
[WhiteElo "1870"]
[BlackElo "1750"]
[PlyCount "114"]
[EventDate "2023.06.30"]
[EventType "swiss"]
[EventRounds "7"]
[EventCountry "CAN"]

1. d4 e6 2. c4 d5 3. Nf3 Nf6 4. g3 g6 5. Bg2 Bg7 6. b3 O-O 7. O-O b6 8. cxd5
Nxd5 9. Bg5 f6 10. Bc1 Bb7 11. Ba3 Re8 12. Qc2 Nd7 13. Rc1 Rc8 14. Qc4 f5 15.
Nbd2 c5 16. Qd3 cxd4 17. Rxc8 Qxc8 18. Nc4 Ba6 19. Rc1 Nc5 20. Qd2 Ne4 21. Qe1
Ndc3 22. Nfd2 Nxd2 23. Nd6 Qd7 24. Nxe8 Nxe2+ 25. Kh1 Nxc1 26. Nxg7 Kxg7 27.
Qxd2 Ne2 28. Bf3 d3 29. Bxe2 Qd5+ 30. Kg1 dxe2 31. Bb4 Qxd2 32. Bxd2 e5 33. f3
f4 34. Bc3 Kf7 35. Kf2 Ke6 36. a4 h5 37. a5 Kf5 38. axb6 axb6 39. Bb4 g5 40.
gxf4 gxf4 41. Bd6 Bd3 42. Bc7 b5 43. Ba5 Ke6 44. Bd2 Kd5 45. Bc3 Bc2 46. b4 Bd3
47. Bd2 Kc4 48. Be1 Kb3 49. Bd2 Kc2 50. Be1 Bc4 51. Kg2 Kd1 52. Kf2 Bd5 53. Bc3
Bxf3 54. Be1 e4 55. h4 e3+ 56. Kxf3 Kxe1 57. Kxf4 Kf2 0-1

[Event "Ontario Closed w"]
[Site "Toronto CAN"]
[Date "2023.07.03"]
[Round "7.26"]
[White "Deepak, Laksshana"]
[Black "Qian, Ashley"]
[Result "1-0"]
[WhiteElo "1660"]
[BlackElo "1725"]
[PlyCount "107"]
[EventDate "2023.06.30"]
[EventType "swiss"]
[EventRounds "7"]
[EventCountry "CAN"]

1. e4 c5 2. Nf3 d6 3. d4 cxd4 4. Nxd4 Nf6 5. Nc3 a6 6. f3 e5 7. Nb3 Be7 8. Be3
Be6 9. Qd2 h5 10. O-O-O Nbd7 11. Kb1 b5 12. Nd5 Nxd5 13. exd5 Bf5 14. Na5 Rc8
15. Nc6 Qc7 16. Bd3 Bxd3 17. cxd3 Nb8 18. Rc1 Nxc6 19. Rxc6 Qb7 20. Rhc1 O-O
21. Qa5 Ra8 22. Bb6 Rfc8 23. Qc3 Rxc6 24. Qxc6 Qxc6 25. Rxc6 Kf8 26. Kc2 Ke8
27. Kb3 a5 28. a4 bxa4+ 29. Kxa4 f5 30. Bxa5 Bd8 31. b4 Kd7 32. Kb5 g5 33. Bxd8
Rxd8 34. Ka6 Ra8+ 35. Kb7 Ra3 36. b5 Rxd3 37. b6 e4 38. Rc7+ Kd8 39. Kc6 e3 40.
b7 Rc3+ 41. Kxd6 Rxc7 42. b8=Q+ Rc8 43. Qb6+ Ke8 44. Qxe3+ Kf8 45. Qe7+ Kg8 46.
Qe6+ Kg7 47. Qxc8 g4 48. fxg4 hxg4 49. Qxf5 g3 50. hxg3 Kh6 51. Qg4 Kh7 52. Ke6
Kh8 53. Kf6 Kh7 54. Qg7# 1-0

[Event "Ontario Closed w"]
[Site "Toronto CAN"]
[Date "2023.07.03"]
[Round "7.27"]
[White "Asilahijani, Mahsa"]
[Black "Ruchinskaya, Valerie"]
[Result "0-1"]
[WhiteElo "1332"]
[BlackElo "1933"]
[PlyCount "96"]
[EventDate "2023.06.30"]
[EventType "swiss"]
[EventRounds "7"]
[EventCountry "CAN"]

1. e4 e6 2. d4 d5 3. Nc3 Bb4 4. e5 c5 5. a3 Bxc3+ 6. bxc3 Qa5 7. Bd2 Qa4 8. Qg4
Kf8 9. Bd3 Nc6 10. Nf3 c4 11. Be2 Qxc2 12. O-O Nge7 13. Bd1 Qg6 14. Qf4 Bd7 15.
Ra2 Qf5 16. Qg3 Qb1 17. Rc2 h6 18. Bc1 Na5 19. Nd2 Qb6 20. Rb2 Qc7 21. f4 Nf5
22. Qh3 Qd8 23. Nf3 Ne7 24. Bc2 h5 25. Nh4 g6 26. Nf3 Kg7 27. Bb1 Nb3 28. Ba2
Nxc1 29. Rxc1 Bc6 30. Ng5 Nf5 31. a4 Rb8 32. Rcb1 Qd7 33. a5 Qc7 34. Rf1 Qxa5
35. Bb1 Qa3 36. Ra2 Qe7 37. Rxa7 Nh6 38. Bc2 Ra8 39. Rfa1 Rxa7 40. Rxa7 Bb5 41.
Nf3 Ba6 42. Ba4 Qa3 43. Bb5 Qc1+ 44. Kf2 Bxb5 45. Rxb7 Qc2+ 46. Kg1 Ra8 47. Ne1
Qe2 48. Qg3 Ra1 0-1

[Event "Ontario Closed w"]
[Site "Toronto CAN"]
[Date "2023.07.03"]
[Round "7.28"]
[White "Li, Sarina"]
[Black "Wang, Angela"]
[Result "1-0"]
[WhiteElo "1005"]
[BlackElo "699"]
[PlyCount "115"]
[EventDate "2023.06.30"]
[EventType "swiss"]
[EventRounds "7"]
[EventCountry "CAN"]

1. e4 e5 2. Nf3 Nc6 3. Bb5 d6 4. h3 Nf6 5. Nc3 Bd7 6. O-O Be7 7. Re1 O-O 8. d4
exd4 9. Nxd4 Ne5 10. Bxd7 Qxd7 11. Nf3 Qc6 12. Nxe5 dxe5 13. Nd5 Bc5 14. Be3
Nxd5 15. exd5 Qd6 16. Bxc5 Qxc5 17. Rxe5 Qb6 18. b3 Rad8 19. c4 Qf6 20. Qe1 h6
21. Qc3 c6 22. Rd1 Rd7 23. Re3 Qg6 24. Rg3 Qh7 25. d6 Re8 26. c5 Re6 27. Re1
Rxe1+ 28. Qxe1 Qf5 29. Rf3 Qe6 30. Re3 Qd5 31. Re8+ Kh7 32. Qe4+ Qxe4 33. Rxe4
Rd8 34. Re7 Kg6 35. Rxb7 a5 36. Kf1 Kf6 37. Re7 Kg6 38. Ke2 Kf6 39. Kd3 Kg6 40.
a4 Kf6 41. Kc4 Rb8 42. Rc7 Ke6 43. Rxc6 Kd7 44. Rc7+ Ke6 45. Re7+ Kf6 46. c6
Rc8 47. Kc5 Rb8 48. Rb7 Re8 49. c7 Ke6 50. Rb8 Rxb8 51. cxb8=Q Kf6 52. d7 Kg6
53. d8=Q Kf5 54. Qd3+ Kf6 55. Qf4+ Ke7 56. Qde4+ Kd7 57. Qd6+ Kc8 58. Qec6# 1-0

[Event "Ontario Closed w"]
[Site "Toronto CAN"]
[Date "2023.07.03"]
[Round "7.29"]
[White "Liu, Lily"]
[Black "Shtepa, Liubov"]
[Result "1-0"]
[WhiteElo "1058"]
[BlackElo "1025"]
[PlyCount "79"]
[EventDate "2023.06.30"]
[EventType "swiss"]
[EventRounds "7"]
[EventCountry "CAN"]

1. e4 e5 2. Nf3 Nc6 3. d4 exd4 4. Nxd4 Nxd4 5. Qxd4 Qf6 6. Qxf6 Nxf6 7. Bd3 Bc5
8. O-O O-O 9. Nc3 Re8 10. Nb5 Bb6 11. Be3 c6 12. Bxb6 axb6 13. Nc7 Re7 14. Nxa8
b5 15. Nb6 Re8 16. a4 b4 17. Nxc8 Rxc8 18. c3 bxc3 19. bxc3 Re8 20. f3 d5 21.
exd5 Nxd5 22. Rfe1 Rd8 23. Rad1 Nxc3 24. Bxh7+ Kxh7 25. Rxd8 Nxa4 26. Rd7 Kg6
27. Rxb7 Nc3 28. Rb6 Nd5 29. Rxc6+ Nf6 30. g4 Kh7 31. Kg2 Kg8 32. h4 Kh7 33.
Kg3 Kg8 34. g5 Nd5 35. Kg4 Kh7 36. h5 Nb4 37. Rd6 Nc2 38. Re2 Na3 39. g6+ fxg6
40. hxg6+ 1-0

[Event "Ontario Closed w"]
[Site "Toronto CAN"]
[Date "2023.07.03"]
[Round "7.30"]
[White "Chen, Tiffany"]
[Black "Roque, Alexa"]
[Result "0-1"]
[WhiteElo "725"]
[BlackElo "930"]
[PlyCount "74"]
[EventDate "2023.06.30"]
[EventType "swiss"]
[EventRounds "7"]
[EventCountry "CAN"]

1. e4 c6 2. d4 d5 3. Nc3 dxe4 4. Nxe4 Nf6 5. Nxf6+ exf6 6. Nf3 Bd6 7. Be2 O-O
8. O-O Re8 9. Bc4 Bg4 10. h3 Bh5 11. Be3 Nd7 12. Rc1 Qc7 13. Be2 b5 14. c3 Nb6
15. Qd3 Nc4 16. b3 Bg6 17. Qd1 Nxe3 18. fxe3 Rxe3 19. c4 Rae8 20. cxb5 Rxe2 21.
Rxc6 Qe7 22. a4 Qe3+ 23. Kh1 Bg3 24. d5 Be4 25. Qc1 Bxd5 26. Qxe3 R2xe3 27. Rc7
Bxc7 28. b4 Bc4 29. Rc1 Bg3 30. Rd1 g6 31. h4 Bb3 32. Ra1 Bxa4 33. Rc1 Bxb5 34.
Ra1 Bc6 35. Rxa7 Re1+ 36. Ng1 R8e2 37. b5 Bxg2# 0-1

[Event "Ontario op"]
[Site "Ottawa CAN"]
[Date "2023.05.20"]
[Round "1.1"]
[White "Liang, Jason"]
[Black "Zhu, Matthew"]
[Result "1-0"]
[WhiteElo "2628"]
[BlackElo "2084"]
[PlyCount "55"]
[EventDate "2023.05.20"]
[EventType "swiss"]
[EventRounds "6"]
[EventCountry "CAN"]

1. e4 c5 2. Nf3 d6 3. Bb5+ Bd7 4. Bxd7+ Qxd7 5. c4 Nf6 6. Nc3 g6 7. d4 cxd4 8.
Nxd4 Bg7 9. f3 O-O 10. Be3 Nc6 11. O-O a6 12. Qd3 Ne5 13. Qe2 Rac8 14. b3 b5
15. Nd5 Rc5 16. Rac1 bxc4 17. bxc4 Nxd5 18. cxd5 Qa4 19. Nb3 Rc4 20. f4 Rxe4
21. fxe5 Bh6 22. Rc3 Rxe5 23. Qf3 Bxe3+ 24. Rxe3 Rxe3 25. Qxe3 Qxa2 26. Qf3 a5
27. Nd4 Qb2 28. Ne6 1-0

[Event "Ontario op"]
[Site "Ottawa CAN"]
[Date "2023.05.20"]
[Round "1.2"]
[White "Azar, Sebastien"]
[Black "Sambuev, Bator"]
[Result "0-1"]
[WhiteElo "2075"]
[BlackElo "2503"]
[PlyCount "107"]
[EventDate "2023.05.20"]
[EventType "swiss"]
[EventRounds "6"]
[EventCountry "CAN"]

1. e4 e5 2. Nf3 Nc6 3. Bb5 a6 4. Ba4 d6 5. O-O Bd7 6. c3 Nf6 7. Re1 g6 8. d4
Bg7 9. Nbd2 O-O 10. h3 exd4 11. cxd4 Nb4 12. Bxd7 Qxd7 13. Nb1 c5 14. a3 Nc6
15. Nc3 cxd4 16. Nxd4 Nxd4 17. Qxd4 Nxe4 18. Qd3 Nxc3 19. bxc3 Qc6 20. Bb2 Rac8
21. Re3 Rfe8 22. Rae1 Rxe3 23. Rxe3 Be5 24. Qd1 b5 25. h4 h5 26. g4 Qc4 27.
gxh5 Qxh4 28. hxg6 Qh2+ 29. Kf1 Qh1+ 30. Ke2 Qxd1+ 31. Kxd1 fxg6 32. Kc2 Rf8
33. Re2 Rf3 34. Kb3 a5 35. Kc2 Kf7 36. Rd2 Ke6 37. a4 bxa4 38. c4 Bxb2 39. Kxb2
a3+ 40. Ka2 Rc3 41. Re2+ Kf5 42. Rd2 Rxc4 43. Rxd6 Rc2+ 44. Kxa3 Rxf2 45. Kb3
g5 46. Kc3 a4 47. Kd3 a3 48. Ke3 a2 49. Ra6 Rb2 50. Ra4 g4 51. Ra5+ Ke6 52. Kf4
Rg2 53. Ke4 Kd6 54. Kd4 0-1

[Event "Ontario op"]
[Site "Ottawa CAN"]
[Date "2023.05.20"]
[Round "1.3"]
[White "Vera, Reynaldo"]
[Black "Labib, Daniel"]
[Result "1-0"]
[WhiteElo "2412"]
[BlackElo "2071"]
[PlyCount "93"]
[EventDate "2023.05.20"]
[EventType "swiss"]
[EventRounds "6"]
[EventCountry "CAN"]

1. d4 Nf6 2. c4 e6 3. Nc3 Bb4 4. g3 O-O 5. Bg2 c5 6. Nf3 cxd4 7. Nxd4 a6 8. O-O
Qc7 9. Bg5 Be7 10. Ne4 Qxc4 11. Nxf6+ Bxf6 12. Bxf6 gxf6 13. e3 Nc6 14. Qg4+
Kh8 15. Qh4 f5 16. Qf6+ Kg8 17. h4 Nxd4 18. Qg5+ Kh8 19. Qf6+ Kg8 20. exd4 Qe2
21. Qg5+ Kh8 22. Qf6+ Kg8 23. f3 Qd2 24. f4 Qa5 25. Qg5+ Kh8 26. Qf6+ Kg8 27.
d5 d6 28. Qg5+ Kh8 29. Qf6+ Kg8 30. h5 Qd8 31. Qd4 Bd7 32. dxe6 Bxe6 33. h6 f6
34. Rfe1 Bf7 35. Re3 Rc8 36. Rae1 Rc4 37. Qd3 Rc5 38. b4 Rb5 39. a4 Rxb4 40.
Qxf5 Bg6 41. Qd5+ Bf7 42. Qf5 Bg6 43. Qd5+ Bf7 44. Qd1 Qb6 45. Qg4+ Bg6 46.
Bd5+ Kh8 47. Qd7 1-0

[Event "Ontario op"]
[Site "Ottawa CAN"]
[Date "2023.05.20"]
[Round "1.4"]
[White "Wang, Derek"]
[Black "Perez Rodriguez, Luis Manuel"]
[Result "0-1"]
[WhiteElo "2051"]
[BlackElo "2411"]
[PlyCount "78"]
[EventDate "2023.05.20"]
[EventType "swiss"]
[EventRounds "6"]
[EventCountry "CAN"]

1. Nf3 d5 2. d4 Nf6 3. Bf4 c5 4. e3 e6 5. c3 Bd6 6. Bg3 Qc7 7. Bxd6 Qxd6 8. Ne5
O-O 9. Nd2 b6 10. Bd3 Ba6 11. Bxa6 Nxa6 12. Qe2 b5 13. a3 Nc7 14. b4 c4 15. O-O
a5 16. f4 Ra6 17. Rfc1 Rfa8 18. Qd1 axb4 19. axb4 Ra2 20. Rxa2 Rxa2 21. Ra1 Qa6
22. Rxa2 Qxa2 23. Qc1 Nce8 24. Nef3 Nd6 25. h3 Nf5 26. Qb1 Qa3 27. e4 Ng3 28.
e5 Nfe4 29. Qe1 Qxc3 30. Nxe4 Nxe4 31. Qb1 Nd2 32. Qa2 Nxf3+ 33. gxf3 Qxd4+ 34.
Kg2 h6 35. Qa8+ Kh7 36. Qe8 c3 37. Qxf7 c2 38. Qxe6 Qxf4 39. Qxd5 c1=Q 0-1

[Event "Ontario op"]
[Site "Ottawa CAN"]
[Date "2023.05.20"]
[Round "1.5"]
[White "Xu, Daniel"]
[Black "Petrovic, Milos"]
[Result "1-0"]
[WhiteElo "2401"]
[BlackElo "2041"]
[PlyCount "61"]
[EventDate "2023.05.20"]
[EventType "swiss"]
[EventRounds "6"]
[EventCountry "CAN"]

1. e4 e6 2. d4 d5 3. Nd2 dxe4 4. Nxe4 Bd7 5. Nf3 Bc6 6. Bd3 Nd7 7. O-O Ngf6 8.
Neg5 h6 9. Nxe6 fxe6 10. Bg6+ Ke7 11. Re1 Bxf3 12. Qxf3 Nb6 13. Bf5 Qd5 14. Qd3
Re8 15. b3 Kd7 16. Bg6 Rd8 17. c4 Qa5 18. Re5 c5 19. Bf7 Bd6 20. Bd2 Bxe5 21.
Bxa5 Bxd4 22. Re1 Ke7 23. Qg6 e5 24. Bd5 Rhf8 25. Qxg7+ Kd6 26. Re2 Rde8 27.
Bxb6 axb6 28. Qxb7 Nxd5 29. cxd5 Rc8 30. Rc2 Rc7 31. Qxb6+ 1-0

[Event "Ontario op"]
[Site "Ottawa CAN"]
[Date "2023.05.20"]
[Round "1.9"]
[White "Dukic, Zachary"]
[Black "Zhong, Ryan Yunhui"]
[Result "1-0"]
[WhiteElo "2347"]
[BlackElo "1964"]
[PlyCount "93"]
[EventDate "2023.05.20"]
[EventType "swiss"]
[EventRounds "6"]
[EventCountry "CAN"]

1. e4 e6 2. d4 d5 3. Nc3 Nf6 4. e5 Nfd7 5. f4 c5 6. Nf3 Nc6 7. Be3 a6 8. a3
cxd4 9. Nxd4 Bc5 10. Qd2 Bxd4 11. Bxd4 b5 12. Bf2 Bb7 13. Bd3 f6 14. exf6 Qxf6
15. O-O-O O-O 16. g3 Rac8 17. Rhe1 g6 18. Bf1 Qf5 19. b4 Ba8 20. Qd3 Qxd3 21.
Rxd3 Rce8 22. Bh3 Nd8 23. Ne2 Nf6 24. Bc5 Rf7 25. Bb6 Kh8 26. Bxd8 Rxd8 27. Nd4
Ne4 28. Nxe6 Re8 29. Ng5 Rfe7 30. Nxe4 dxe4 31. Rd7 Rxd7 32. Bxd7 Rd8 33. Rd1
h5 34. Bg4 Re8 35. Be2 Kg7 36. Rd6 e3 37. Kd1 Be4 38. Bd3 h4 39. Ke2 Bf5 40.
Bxf5 gxf5 41. gxh4 a5 42. Rd5 axb4 43. axb4 Rc8 44. Rc5 Rd8 45. Kxe3 Re8+ 46.
Kf3 Re4 47. c3 1-0

[Event "Ontario op"]
[Site "Ottawa CAN"]
[Date "2023.05.20"]
[Round "1.11"]
[White "Mao, Fengxi"]
[Black "Hughes-Dupuy, Henry"]
[Result "1-0"]
[WhiteElo "2289"]
[BlackElo "1943"]
[PlyCount "35"]
[EventDate "2023.05.20"]
[EventType "swiss"]
[EventRounds "6"]
[EventCountry "CAN"]

1. Nf3 d5 2. b3 Nf6 3. Bb2 e6 4. e3 Be7 5. c4 c6 6. d4 Ne4 7. Bd3 f5 8. O-O Nd7
9. Ne5 Nxe5 10. dxe5 Bc5 11. Qc2 b6 12. cxd5 cxd5 13. Ba3 Bd7 14. Bxc5 bxc5 15.
Nc3 a6 16. b4 Nxc3 17. Qxc3 Rc8 18. Rfc1 1-0

[Event "Ontario op"]
[Site "Ottawa CAN"]
[Date "2023.05.20"]
[Round "1.16"]
[White "Pitre, Lucas"]
[Black "Umayan, Vincent"]
[Result "0-1"]
[WhiteElo "1801"]
[BlackElo "2120"]
[PlyCount "58"]
[EventDate "2023.05.20"]
[EventType "swiss"]
[EventRounds "6"]
[EventCountry "CAN"]

1. e4 c6 2. d4 d5 3. exd5 cxd5 4. Bd3 Nc6 5. c3 e5 6. dxe5 Nxe5 7. Bb5+ Nc6 8.
Be3 Nf6 9. Nf3 a6 10. Be2 Be7 11. O-O O-O 12. Nbd2 Be6 13. Nb3 Rc8 14. Re1 Re8
15. h3 Qc7 16. a4 Ne4 17. a5 Bd6 18. Bd3 Ne5 19. Nxe5 Bxe5 20. Bb6 Qb8 21. Bxe4
dxe4 22. Rxe4 Bxb3 23. Qd3 Bh2+ 24. Kh1 Rxe4 25. Qxe4 Re8 26. Qb4 Bd5 27. c4
Bc6 28. Qd2 Bf4 29. Qc2 Qe5 0-1

[Event "Ontario op"]
[Site "Ottawa CAN"]
[Date "2023.05.20"]
[Round "2.2"]
[White "Sambuev, Bator"]
[Black "Dukic, Zachary"]
[Result "1-0"]
[WhiteElo "2503"]
[BlackElo "2347"]
[PlyCount "75"]
[EventDate "2023.05.20"]
[EventType "swiss"]
[EventRounds "6"]
[EventCountry "CAN"]

1. d4 Nf6 2. c4 g6 3. Nc3 Bg7 4. e4 d6 5. Nf3 O-O 6. Be2 e5 7. O-O Nc6 8. d5
Ne7 9. Ne1 Nd7 10. Be3 f5 11. f3 f4 12. Bf2 g5 13. b4 Nf6 14. c5 Ng6 15. a4 h5
16. c6 bxc6 17. dxc6 Be6 18. b5 g4 19. a5 g3 20. hxg3 fxg3 21. Bxg3 h4 22. Bf2
Nh5 23. Nd5 Ngf4 24. Bc4 Bxd5 25. Bxd5+ Kh8 26. Kh2 Qg5 27. Rh1 Ng3 28. Bxg3
Qxg3+ 29. Kg1 Bh6 30. Qc2 Nxd5 31. exd5 e4 32. Rh3 Be3+ 33. Kh1 Qf4 34. g3 Qe5
35. Rxh4+ Kg7 36. Qxe4 Qxa1 37. Rh7+ Kf6 38. Qe6+ 1-0

[Event "Ontario op"]
[Site "Ottawa CAN"]
[Date "2023.05.20"]
[Round "2.3"]
[White "Umayan, Vincent"]
[Black "Vera, Reynaldo"]
[Result "0-1"]
[WhiteElo "2120"]
[BlackElo "2412"]
[PlyCount "104"]
[EventDate "2023.05.20"]
[EventType "swiss"]
[EventRounds "6"]
[EventCountry "CAN"]

1. d4 Nf6 2. c4 e6 3. Nc3 c5 4. d5 exd5 5. cxd5 d6 6. e4 g6 7. Nf3 Bg7 8. Be2
O-O 9. Nd2 Na6 10. O-O Ne8 11. Nc4 f5 12. exf5 Bxf5 13. Ne3 Bd7 14. f4 Nac7 15.
a4 Bd4 16. Kh1 Nf6 17. Bf3 Qe7 18. Nc2 Bxc3 19. bxc3 Ne4 20. c4 Rae8 21. Ra3
Qg7 22. Qd3 Bf5 23. Qd1 Nc3 24. Qd2 Nb1 25. Qf2 Bxc2 26. Qxc2 Nxa3 27. Bxa3
Rxf4 28. Bb2 Rxc4 29. Qxc4 Qxb2 30. h3 Qb4 31. Qc2 Re1 32. Rxe1 Qxe1+ 33. Kh2
a6 34. Qc4 Qe5+ 35. Kh1 Qa1+ 36. Kh2 Qe5+ 37. Kh1 Kg7 38. Qg4 Qf5 39. Qh4 Qf6
40. Qg4 Qa1+ 41. Kh2 Qe5+ 42. Kh1 Nxd5 43. Qd7+ Qe7 44. Qc8 Nb6 45. Qb8 Nxa4
46. Bxb7 a5 47. Bc6 Nc3 48. Qb2 Qe1+ 49. Kh2 Qe5+ 50. Kh1 Ne2 51. Qa2 c4 52.
Qxc4 Qa1+ 0-1

[Event "Ontario op"]
[Site "Ottawa CAN"]
[Date "2023.05.20"]
[Round "2.5"]
[White "Myers, Joshua"]
[Black "Xu, Daniel"]
[Result "0-1"]
[WhiteElo "1925"]
[BlackElo "2401"]
[PlyCount "54"]
[EventDate "2023.05.20"]
[EventType "swiss"]
[EventRounds "6"]
[EventCountry "CAN"]

1. e4 c5 2. Nf3 d6 3. Bb5+ Nd7 4. O-O Ngf6 5. d3 a6 6. Bxd7+ Bxd7 7. h3 g6 8.
c3 Bg7 9. Re1 e5 10. d4 Qc7 11. dxe5 dxe5 12. Qc2 O-O 13. Bg5 c4 14. Bxf6 Bxf6
15. Nbd2 Bg7 16. Nf1 f5 17. Ne3 Kh8 18. Qe2 b5 19. Nd5 Qb7 20. Nb4 a5 21. Nc2
Bc6 22. Nd2 Rad8 23. f3 Rd6 24. a4 Bh6 25. Nf1 fxe4 26. fxe4 Qb6+ 27. Kh1 Rf2
0-1

[Event "Ontario op"]
[Site "Ottawa CAN"]
[Date "2023.05.20"]
[Round "2.6"]
[White "Reprintsev, Alexander"]
[Black "Yang, Ryan"]
[Result "0-1"]
[WhiteElo "2361"]
[BlackElo "2196"]
[PlyCount "63"]
[EventDate "2023.05.20"]
[EventType "swiss"]
[EventRounds "6"]
[EventCountry "CAN"]

1. Nc3 Nf6 2. e4 d5 3. e5 Ne4 4. Nf3 Nxc3 5. dxc3 Bg4 6. h3 Bxf3 7. Qxf3 e6 8.
Bd2 Nd7 9. Qg3 c6 10. O-O-O Nc5 11. Be3 Ne4 12. Qf4 Qa5 13. Kb1 Ba3 14. Rd4 g5
15. Qg4 h5 16. Qd1 Nxc3+ 17. bxc3 c5 18. Bc1 Qb6+ 19. Rb4 cxb4 20. Be3 Qc6 21.
c4 dxc4 22. Bxg5 Rg8 23. Bf6 Rc8 24. Be2 b3 25. axb3 cxb3 26. c4 Qa4 27. Qd2
Bb4 28. Qb2 Bc3 29. Qxc3 Qa2+ 30. Kc1 Qxe2 31. Kb1 Qa2+ 32. Kc1 0-1

[Event "Ontario op"]
[Site "Ottawa CAN"]
[Date "2023.05.20"]
[Round "2.7"]
[White "Jaferian, Koosha"]
[Black "Gao, Lucy"]
[Result "1-0"]
[WhiteElo "2383"]
[BlackElo "1845"]
[PlyCount "161"]
[EventDate "2023.05.20"]
[EventType "swiss"]
[EventRounds "6"]
[EventCountry "CAN"]

1. e4 c5 2. Nc3 Nc6 3. Bb5 e6 4. Bxc6 bxc6 5. d3 d5 6. f4 g6 7. Nf3 Bg7 8. Bd2
Nf6 9. O-O Ba6 10. Qe1 Rb8 11. e5 Nd7 12. b3 O-O 13. Rd1 Qe7 14. Qf2 f5 15. Na4
Rfc8 16. c4 Bf8 17. Bc1 Nb6 18. Nc3 d4 19. Ne2 Bb7 20. Qe1 Qg7 21. Qa5 h6 22.
h3 Kh7 23. Kh2 Ra8 24. Rg1 Be7 25. g4 Qf7 26. Rg2 Rg8 27. Rdg1 Nd7 28. Qc7 Bc8
29. Qa5 Bd8 30. Qe1 a5 31. Nh4 Qe7 32. Nf3 Qf7 33. Qd1 Nb6 34. a4 Nd7 35. Bd2
Nb8 36. Qe1 Bd7 37. h4 fxg4 38. Rxg4 Qf5 39. Nc1 Be8 40. R4g3 Qh5 41. Rh3 Qf5
42. Rhg3 Qh5 43. Kg2 Bxh4 44. Nxh4 Qxh4 45. Rh1 Qe7 46. f5 h5 47. f6 Qf7 48.
Qe4 Kh8 49. Rg5 Ra7 50. Kf2 Nd7 51. Ne2 Nf8 52. Nf4 Nh7 53. Rgg1 Nf8 54. Ke2
Nh7 55. Kd1 Rb7 56. Kc2 Ra7 57. Nh3 Qb7 58. Rg2 Bf7 59. Rb1 Be8 60. Qh4 Qf7 61.
Bh6 Rd7 62. Qe4 Rb7 63. Rh1 Rc7 64. Nf4 Nxf6 65. exf6 Qxf6 66. Bg5 Qf5 67. Nxe6
Rf7 68. Bd2 Bd7 69. Ng5 Rff8 70. Qxf5 Bxf5 71. Bxa5 Bg4 72. Rxg4 Rf2+ 73. Bd2
Re8 74. Re4 Ref8 75. Ne6 R8f5 76. a5 Rg2 77. a6 Rff2 78. Rd1 Rf7 79. Nxc5 Ra7
80. Rde1 Kg8 81. Re8+ 1-0

[Event "Ontario op"]
[Site "Ottawa CAN"]
[Date "2023.05.20"]
[Round "2.8"]
[White "Shi, Michael"]
[Black "Plotkin, Victor"]
[Result "0-1"]
[WhiteElo "1992"]
[BlackElo "2369"]
[PlyCount "102"]
[EventDate "2023.05.20"]
[EventType "swiss"]
[EventRounds "6"]
[EventCountry "CAN"]

1. e4 e5 2. Nf3 Nf6 3. Nxe5 d6 4. Nf3 Nxe4 5. Nc3 Nxc3 6. dxc3 Be7 7. Bf4 Nc6
8. Qd2 Be6 9. O-O-O Qd7 10. Kb1 a6 11. Ng5 Bxg5 12. Bxg5 h6 13. Be3 O-O-O 14.
Be2 Rde8 15. Rhe1 Re7 16. f4 Bg4 17. h3 Bxe2 18. Qxe2 Rhe8 19. Qf3 f5 20. Bf2
Re4 21. Re3 Rxe3 22. Bxe3 Re4 23. Re1 Qe6 24. Qf2 Ne7 25. Bd2 Nd5 26. g3 b6 27.
c4 Nf6 28. b3 Rxe1+ 29. Bxe1 Qe4 30. Kb2 Qh1 31. Bc3 Ne4 32. Qd4 Qxh3 33. Qxg7
Qxg3 34. Qh8+ Kb7 35. Bg7 h5 36. Qg8 Qg6 37. Qd5+ Kb8 38. Bd4 h4 39. Qc6 h3 40.
Bxb6 Qg7+ 41. Ka3 h2 42. Bxc7+ Qxc7 43. Qe8+ Ka7 44. Qh5 Qc5+ 45. Kb2 Qd4+ 46.
Ka3 Qg1 47. Qh7+ Kb6 48. Qh8 Qc1+ 49. Ka4 Nc5+ 50. Kb4 a5+ 51. Kc3 Ne4+ 0-1

[Event "Ontario op"]
[Site "Ottawa CAN"]
[Date "2023.05.20"]
[Round "2.9"]
[White "Sowa, Ryan"]
[Black "Ramesh, Sanjay"]
[Result "0-1"]
[WhiteElo "2337"]
[BlackElo "1984"]
[PlyCount "67"]
[EventDate "2023.05.20"]
[EventType "swiss"]
[EventRounds "6"]
[EventCountry "CAN"]

1. e4 c6 2. d4 d5 3. e5 Bf5 4. Nf3 e6 5. Be2 Nd7 6. O-O Ne7 7. Nbd2 h6 8. Nb3
c5 9. Nxc5 Nxc5 10. dxc5 Nc6 11. Be3 Qc7 12. c3 Be4 13. Nd4 Nxe5 14. f4 Nd7 15.
b4 Be7 16. c4 O-O 17. Qb3 Bf6 18. Rac1 a6 19. Nf3 dxc4 20. Bxc4 Bg6 21. Rfd1
Rad8 22. Be2 e5 23. Rd6 Kh7 24. Rcd1 Rfe8 25. Bc4 Be7 26. Bxf7 Bxf7 27. Qxf7
Bxd6 28. Rxd6 Rf8 29. Ng5+ hxg5 30. Rh6+ Kxh6 31. fxg5+ Kh7 32. Qe6 Nf6 33.
Qh3+ Kg8 34. g6 0-1

[Event "Ontario op"]
[Site "Ottawa CAN"]
[Date "2023.05.21"]
[Round "3.1"]
[White "Xu, Daniel"]
[Black "Sambuev, Bator"]
[Result "0-1"]
[WhiteElo "2401"]
[BlackElo "2503"]
[PlyCount "64"]
[EventDate "2023.05.20"]
[EventType "swiss"]
[EventRounds "6"]
[EventCountry "CAN"]

1. e4 e5 2. Nf3 Nc6 3. Bb5 a6 4. Ba4 d6 5. O-O Bd7 6. c3 Nf6 7. Re1 g6 8. d4
Bg7 9. Nbd2 O-O 10. h3 exd4 11. cxd4 Nb4 12. Bb3 Nd3 13. Re3 Nxc1 14. Rxc1 c6
15. Re1 d5 16. exd5 Nxd5 17. Bxd5 cxd5 18. Qb3 Rb8 19. Qxd5 Bc6 20. Qc4 Bd5 21.
Qd3 Qb6 22. b3 Rbd8 23. Nc4 Qb5 24. Nfe5 Rfe8 25. Qc3 Re6 26. Ne3 Bc6 27. a4
Qb6 28. Red1 Be4 29. N3c4 Qc7 30. Qg3 Qe7 31. Qf4 Bd5 32. Rc3 Bxc4 0-1

[Event "Ontario op"]
[Site "Ottawa CAN"]
[Date "2023.05.21"]
[Round "3.3"]
[White "Yang, Ryan"]
[Black "Perez Rodriguez, Luis Manuel"]
[Result "1/2-1/2"]
[WhiteElo "2196"]
[BlackElo "2411"]
[PlyCount "30"]
[EventDate "2023.05.20"]
[EventType "swiss"]
[EventRounds "6"]
[EventCountry "CAN"]

1. e4 e5 2. Nc3 Nf6 3. f4 d5 4. fxe5 Nxe4 5. Qf3 Nc6 6. Bb5 Bc5 7. Nge2 Qh4+ 8.
g3 Qg4 9. Qxg4 Bxg4 10. d4 Nxc3 11. bxc3 Bb6 12. Rf1 Ba5 13. Bd2 O-O 14. Rf4
Bd7 15. c4 Bxd2+ 1/2-1/2

[Event "Ontario op"]
[Site "Ottawa CAN"]
[Date "2023.05.21"]
[Round "3.5"]
[White "Plotkin, Victor"]
[Black "Moses, Neil"]
[Result "1-0"]
[WhiteElo "2369"]
[BlackElo "1957"]
[PlyCount "113"]
[EventDate "2023.05.20"]
[EventType "swiss"]
[EventRounds "6"]
[EventCountry "CAN"]

1. Nf3 Nf6 2. d4 d5 3. c4 c6 4. e3 Bf5 5. Nc3 e6 6. Bd3 Bxd3 7. Qxd3 Bd6 8. O-O
O-O 9. e4 dxe4 10. Nxe4 Nxe4 11. Qxe4 Nd7 12. Rd1 Qc7 13. b3 Nf6 14. Qc2 c5 15.
h3 cxd4 16. Nxd4 a6 17. Be3 Rad8 18. Rac1 Bf4 19. Qe2 Rd7 20. Nf3 Rfd8 21. Rxd7
Rxd7 22. Bxf4 Qxf4 23. Rd1 h6 24. Rxd7 Nxd7 25. Qd2 Qxd2 26. Nxd2 Kf8 27. Kf1
Ke7 28. Ke2 e5 29. b4 f5 30. Kd3 Kd6 31. Nb3 b6 32. a4 a5 33. c5+ bxc5 34. bxa5
Kd5 35. Kc3 e4 36. Nd2 f4 37. Nc4 Kc6 38. a6 Nb6 39. a7 Na8 40. Ne5+ Kb7 41.
Kc4 Nb6+ 42. Kxc5 Nxa4+ 43. Kd4 e3 44. fxe3 fxe3 45. Kxe3 Kxa7 46. Kf4 Nc3 47.
Kf5 Nd5 48. g3 Kb7 49. Kg6 Ne7+ 50. Kf7 Nf5 51. g4 Ne3 52. Kxg7 Nd1 53. Kxh6
Nf2 54. h4 Kc7 55. g5 Kd6 56. Nf7+ Ke7 57. Kg7 1-0